00190nam a22000977a 4500003000400000082000800004100001400012245002800026260003000054300000800084SGT bDAS aDAS, P.C. aMANURES AND FERTILIZERS bKALYANI PUBLICATIONc2018 a269